[Event "HUN-ch"]
[Site "?"]
[Date "1975.??.??"]
[Round "?"]
[White "Petran, Pal"]
[Black "Perecz, Laszlo"]
[Result "1-0"]
[WhiteElo "2390"]
[BlackElo "2200"]

1.d4 d5 2.c4 c6 3.Nf3 e6 4.Nc3 Nf6 5.Qb3 Be7 6.Bg5 Nbd7 7.e3 O-O 8.Rc1 Re8
9.Bd3 dxc4 10.Bxc4 Nd5 11.Bxe7 Qxe7 12.O-O N5b6 13.Bd3 Nf8 14.a4 Rb8 15.Ne5 Nbd7
16.f4 Kh8 17.Ne4 f6 18.Nc4 Nb6 19.Nxb6 axb6 20.Qxb6 e5 21.fxe5 fxe5 22.Qc5 Bg4
23.Nd6 Nd7 24.Qa3 Rf8 25.Bc4 Be6 26.Bxe6 Qxe6 27.dxe5 Nxe5 28.Nxb7 Nd7 29.Nc5 Nxc5
30.Rxf8+ Rxf8 31.Qxc5 Qf6 32.e4 h6 33.h3  1-0

[Event "HUN-ch"]
[Site "?"]
[Date "1975.??.??"]
[Round "?"]
[White "Portisch, Lajos"]
[Black "Perecz, Laszlo"]
[Result "1-0"]
[WhiteElo "2635"]
[BlackElo "2200"]

1.d4 d5 2.c4 c6 3.Nf3 Nf6 4.Nc3 e6 5.Qb3 dxc4 6.Qxc4 b6 7.Qa4 Be7 8.e4 O-O
9.Bf4 Bb7 10.Rd1 Qc8 11.Be2 Ba6 12.Qc2 Bxe2 13.Qxe2 Qa6 14.Ne5 Qxe2+ 15.Kxe2 Rd8
16.Rd3 Nfd7 17.Nc4 Na6 18.Rhd1 Nf6 19.Ne5 Rac8 20.a3 Nb8 21.Nc4 Rd7 22.Kf3 Rdd8
23.g4 Ne8 24.Bxb8 Rxb8 25.Ne5 Rbc8 26.d5 cxd5 27.exd5 Bf6 28.dxe6 Rxd3+ 29.Nxd3 fxe6
30.Ne4 Rc2 31.b3 Be7 32.g5 Nd6 33.Nb4 Nxe4 34.Nxc2 Nxg5+ 35.Ke2 Kf8 36.Rd7 a5
37.Rb7 Bd8 38.f4 Ne4 39.Nd4 Nc5 40.Rb8  1-0

[Event "Stary Smokovec"]
[Site "Stary Smokovec"]
[Date "1975.??.??"]
[Round "6"]
[White "Knezevic, Milorad"]
[Black "Rakay, Kvetoslav"]
[Result "1-0"]
[WhiteElo "2425"]
[BlackElo "2200"]

1.d4 d5 2.c4 c6 3.Nc3 Nf6 4.Nf3 e6 5.Qb3 Be7 6.g3 O-O 7.Bg2 Nbd7 8.O-O b6
9.Bf4 Bb7 10.Rfd1 Nh5 11.Bd2 Nhf6 12.Ne1 c5 13.cxd5 cxd4 14.d6 Bxd6 15.Bxb7 Nc5
16.Qc4 Nxb7 17.Qxd4 Bc5 18.Qh4 Qd4 19.Qxd4 Bxd4 20.Nd3 Nc5 21.Nxc5 Bxc5 22.Bg5 Rfd8
23.Nb5 a5 24.Rd3 Rxd3 25.exd3 Rd8 26.Bxf6 gxf6 27.Rd1 e5 28.Kf1 f5 29.Ke2 Kg7
30.Rc1 Kg6 31.Rc4 h5 32.a3 Rd5 33.b4 axb4 34.axb4 Bf8 35.Nc3 Rd4 36.b5 Rxc4
37.dxc4 Bc5 38.Na4 Bd4 39.c5 bxc5 40.b6 c4 41.b7 Ba7 42.Nb6 c3 43.Nd7 f6
44.f4 h4 45.fxe5 hxg3 46.hxg3 Kf7 47.exf6 Ke6 48.f7  1-0

[Event "Banja Luka"]
[Site "Banja Luka"]
[Date "1976.??.??"]
[Round "7"]
[White "Bukic, Enver"]
[Black "Bagirov, Vladimir"]
[Result "1/2-1/2"]
[WhiteElo "2500"]
[BlackElo "2490"]

1.d4 d5 2.c4 c6 3.Nf3 Nf6 4.Nc3 e6 5.Qb3 dxc4 6.Qxc4 b5 7.Qb3 Nbd7 8.Bg5 a6
9.e3 c5 10.Be2 c4 11.Qc2 Bb7 12.a3 h6 13.Bh4 Be7 14.O-O Rc8 15.e4 O-O 16.Rad1 Ne8
17.Bg3 Qb6 18.d5 exd5 19.exd5 Bd6 20.Nd4 Bxg3 21.hxg3 Nd6 22.Nf5 Rce8 23.Rfe1 Nc5
24.Bf1 Qd8 25.Nxd6 Qxd6 26.Qf5 Bc8 27.Qf4 Qxf4 28.gxf4 Bd7 29.f3 Rxe1 30.Rxe1 Rc8
31.Kf2 Kf8 32.Re3 a5 33.Ke1 b4 34.axb4 axb4 35.Nd1 Nb7 36.Kd2 Rc5 37.Re4 Rxd5+
38.Kc1 Nd6 39.Ne3 Ra5 40.Rd4 Ra1+ 41.Kd2 Nf5 42.Nxf5 Bxf5 43.Bxc4 Rb1 44.b3 Rb2+
45.Ke3 Rxg2 46.Rd8+ Ke7 47.Rb8 Be6 48.Bxe6 Kxe6 49.Rxb4 g6 50.Rb6+ Kf5 51.Rb5+ Kf6
52.Rb6+ Kg7 53.Rd6 h5 54.b4 Rb2 55.b5 h4 56.b6 h3 57.Rd1 Rxb6 58.Kf2 Rb2+
59.Kg3 h2 60.Ra1 Rd2 61.Rb1 Kf6 62.Re1 Re2 63.Rd1 Ke6 64.Rc1 Kd5 65.Rb1 Kc4
66.Rc1+ Kd3 67.Ra1 Rb2 68.Re1 Kd2 69.Rh1 Ke3 70.Re1+ Re2 71.Ra1 f5 72.Ra3+ Kd2
73.Ra2+ Kc3 74.Ra1 Rb2 75.Ra3+ Kd4 76.Ra1 Ke3 77.Re1+ Re2 78.Ra1 Rc2 79.Re1+ Kd2
80.Rh1 Rc1 81.Rxh2+ Ke3 82.Ra2 Rg1+ 83.Kh2 Rf1 84.Kg2 Rd1 85.Kg3 Rg1+ 86.Kh2  1/2-1/2

[Event "ITA-ch38"]
[Site "Castelvecchio Pascoli"]
[Date "1977.??.??"]
[Round "3"]
[White "Tatai, Stefano"]
[Black "Zichichi, Alvise"]
[Result "1/2-1/2"]
[WhiteElo "2480"]
[BlackElo "2350"]

1.d4 d5 2.c4 c6 3.Nf3 Nf6 4.Nc3 e6 5.Qb3 Nbd7 6.g3 a5 7.a4 Bd6 8.Bf4 Bxf4
9.gxf4 dxc4 10.Qxc4 Nd5 11.e3 Nb4 12.Na2  1/2-1/2

[Event "IBM"]
[Site "Amsterdam"]
[Date "1979.??.??"]
[Round "2"]
[White "Sosonko, Gennadi"]
[Black "Byrne, Robert E"]
[Result "1/2-1/2"]
[WhiteElo "2535"]
[BlackElo "2535"]

1.d4 d5 2.c4 c6 3.Nf3 Nf6 4.Nc3 e6 5.Qb3 Be7 6.g3 Ne4 7.Bg2 f5 8.Ne5 Nd7
9.Nxd7 Qxd7 10.O-O Bf6 11.Bf4 O-O 12.cxd5 exd5 13.Nxe4 fxe4 14.Bxe4 Qe6 15.Bf3 Bxd4
16.Rad1 Be5 17.Bxe5 Qxe5 18.e4 Bh3 19.exd5 Rxf3 20.Qxf3 Bxf1 21.Kxf1 Qxb2
22.dxc6 Qb5+ 23.Kg2 Qxc6 24.Qxc6 bxc6 25.Rd7 a5 26.Rc7 Rb8  1/2-1/2

[Event "HUN-ch"]
[Site "Budapest"]
[Date "1979.??.??"]
[Round "7"]
[White "Portisch, Ferenc"]
[Black "Pinter, Jozsef"]
[Result "1/2-1/2"]
[WhiteElo "2475"]
[BlackElo "2445"]

1.d4 d5 2.c4 e6 3.Nc3 c6 4.Nf3 Nf6 5.Qb3 Be7 6.g3 O-O 7.Bg2 b6 8.Ne5 Nfd7
9.Nxd7 Nxd7 10.O-O Nf6 11.Rd1 Ba6  1/2-1/2

[Event "Kecskemet"]
[Site "Kecskemet"]
[Date "1979.??.??"]
[Round "?"]
[White "Portisch, Ferenc"]
[Black "Nogueiras, Jesus"]
[Result "0-1"]
[WhiteElo "2475"]
[BlackElo "2435"]

1.d4 d5 2.c4 e6 3.Nc3 c6 4.Nf3 Nf6 5.Qb3 dxc4 6.Qxc4 b6 7.g3 Be7 8.Bg2 O-O
9.O-O b5 10.Qb3 b4 11.Na4 Ba6 12.Re1 Nbd7 13.Bg5 Qa5 14.Bxf6 gxf6 15.Rac1 Bb5
16.Nc5 Nxc5 17.dxc5 Rad8 18.e3 Rd3 19.Qc2 Rd5 20.Nd4 Rxc5 21.Qe4 f5 22.Qb1 Rxc1
23.Rxc1 c5 24.Nxb5 Qxb5 25.e4 f4 26.gxf4 Qe2 27.Qc2 Qg4 28.Qd2 Kh8 29.h3 Qh4
30.Qe3 Rg8 31.Rd1 Bf6 32.e5 Bd8 33.Qf3 c4 34.Rc1 Bb6 35.Kf1 Rd8 36.Qg3 Qh5
37.Bf3 Qf5 38.Bg4 Qe4 39.Qf3 Qxf3 40.Bxf3 Rd2 41.Be2 b3 42.axb3 cxb3 43.f5 exf5
44.Bc4 Rc2  0-1

[Event "Aaronson Masters"]
[Site "London"]
[Date "1979.??.??"]
[Round "3"]
[White "Strauss, David J"]
[Black "Wade, Robert Graham"]
[Result "1-0"]
[WhiteElo "2345"]
[BlackElo "2345"]

1.c4 e6 2.Nf3 d5 3.d4 Nf6 4.Nc3 c6 5.Qb3 dxc4 6.Qxc4 b5 7.Qb3 b4 8.Na4 Qd5
9.Bd2 Nbd7 10.e3 Qxb3 11.axb3 Bd6 12.Bd3 Bb7 13.Ke2 a5 14.Rhc1 Ke7 15.Rc2 Rhd8
16.e4 Bc7 17.g3 h6 18.h3 Rdc8 19.Rac1 Bd8 20.Be3 Ke8 21.Nd2 Bc7 22.f4 Ng8
23.d5 exd5 24.exd5 c5 25.Nxc5 Nxc5 26.Rxc5 Bd6 27.Rxc8+ Rxc8 28.Rxc8+ Bxc8
29.Ne4 Ke7 30.h4 Bg4+ 31.Kd2 Bf3 32.Bb6 f5 33.Nxd6 Kxd6 34.Bxa5 Kc5 35.d6 Nf6
36.Bxf5 Bc6 37.Bc7 h5 38.Kd3 Bb5+ 39.Ke3 Bc6 40.Be6 Ne8 41.Bf7 Nf6 42.f5 Bg2
43.Kf4 Bf1 44.Kg5 Kc6 45.Kg6 Bd3 46.Kxg7  1-0

[Event "IBM"]
[Site "Amsterdam"]
[Date "1980.??.??"]
[Round "?"]
[White "Sosonko, Gennadi"]
[Black "Dolmatov, Sergey"]
[Result "1/2-1/2"]
[WhiteElo "2545"]
[BlackElo "2535"]

1.d4 d5 2.c4 c6 3.Nf3 Nf6 4.Nc3 e6 5.Qb3 Be7 6.g3 a5 7.Bg2 O-O 8.cxd5 exd5
9.O-O Nbd7 10.Bf4 Nh5 11.Bd2 Nhf6 12.Bf4 Nh5 13.Bd2 Nhf6 14.Bf4 Nh5  1/2-1/2

[Event "Fyn"]
[Site "DEN"]
[Date "1980.??.??"]
[Round "?"]
[White "Fuller, Maxwell L"]
[Black "Fries Nielsen, Niels Jorgen"]
[Result "1/2-1/2"]
[WhiteElo "2355"]
[BlackElo "2315"]

1.d4 Nf6 2.c4 e6 3.Nf3 d5 4.Nc3 c6 5.Qb3 Nbd7 6.g3 Be7 7.Bg2 O-O 8.O-O Nb6
9.c5 Nbd7 10.Qa4 b5 11.cxb6 Nxb6 12.Qc2 Ba6 13.Ne5 Rc8 14.Nd3 Nfd7 15.Na4 Nxa4
16.Qxa4 Qb6 17.Be3 Bb5 18.Qc2 Bxd3  1/2-1/2

[Event "Rome"]
[Site "Rome"]
[Date "1980.??.??"]
[Round "9"]
[White "Robatsch, Karl"]
[Black "Zichichi, Alvise"]
[Result "1/2-1/2"]
[WhiteElo "2440"]
[BlackElo "2395"]

1.c4 e6 2.Nf3 d5 3.d4 c6 4.Qb3 Nf6 5.Nc3 Nbd7 6.Bg5 h6 7.Bxf6 Nxf6 8.e3 Be7
9.Be2 O-O 10.O-O b6 11.Rfd1 Bb7 12.Rac1  1/2-1/2

[Event "Bochum"]
[Site "Bochum"]
[Date "1981.??.??"]
[Round "?"]
[White "Hort, Vlastimil"]
[Black "Hermann, M."]
[Result "1-0"]
[WhiteElo "2575"]
[BlackElo "2390"]

1.d4 d5 2.Nf3 Nf6 3.c4 c6 4.Nc3 e6 5.Qb3 Be7 6.Bf4 O-O 7.e3 Nbd7 8.h3 Ne4
9.Bd3 f5 10.cxd5 exd5 11.Bxe4 fxe4 12.Nxe4 a5 13.Nc3 Qe8 14.Qc2 Bb4 15.Ne5 Nxe5
16.Bxe5 Bf5 17.Qd2 a4 18.a3 Ba5 19.f3 Qg6 20.h4 h5 21.Qf2 Rae8 22.O-O Bxc3
23.bxc3 b5 24.Kh2 Re6 25.Qg3 Bd3 26.Qxg6 Rxg6 27.Rfe1 Bf5 28.Ra2 Bd3 29.Rd2 Bc4
30.Rg1 Rf7 31.Bf4 Kf8 32.Bg5 Re6 33.Kg3 Rb7 34.Kf2 Rf7 35.g4 hxg4 36.Rxg4 Ke8
37.Bf4 g6 38.Be5 Rh7 39.Kg3 Kf8 40.Rg5 Rf7  1-0

[Event "Elekes mem-A"]
[Site "Budapest"]
[Date "1981.??.??"]
[Round "?"]
[White "Szilagyi, Peter"]
[Black "Szabolcsi, Janos"]
[Result "1-0"]
[WhiteElo "2360"]
[BlackElo "2270"]

1.d4 d5 2.c4 c6 3.Nf3 Nf6 4.Nc3 e6 5.Qb3 Be7 6.Bg5 O-O 7.e3 Nbd7 8.Rd1 h6
9.Bh4 Ne4 10.Bxe7 Qxe7 11.Bd3 dxc4 12.Bxc4 Nxc3 13.Qxc3 c5 14.O-O b6 15.Bb5 Bb7
16.Bxd7 Bxf3 17.gxf3 Qxd7 18.dxc5 Qc6 19.Kg2 bxc5 20.Rc1 Rac8 21.Rfd1 Qa4
22.Qc4 Qa5 23.Rd3 Rfd8 24.Rcd1 Rxd3 25.Rxd3 Rb8 26.Rd7 Qb4 27.Qa6 Qh4 28.b3 Qg5+
29.Kf1 Qe5 30.Qxa7 c4 31.f4 Qb5 32.Rxf7 cxb3+ 33.Kg1  1-0

[Event "Gausdal Int"]
[Site "Gausdal"]
[Date "1981.??.??"]
[Round "5"]
[White "Schussler, Harry"]
[Black "Manne, P."]
[Result "1-0"]
[WhiteElo "2495"]
[BlackElo "2200"]

1.d4 Nf6 2.c4 e6 3.Nf3 d5 4.Nc3 c6 5.Qb3 Qb6 6.Qc2 dxc4 7.e4 Qa5 8.Be2 b5
9.O-O Bb7 10.a4 Qb6 11.Be3 a6 12.d5 Bc5 13.a5 Qa7 14.Bxc5 Qxc5 15.dxe6 fxe6
16.e5 Nd5 17.Ne4 Qe7 18.Nfg5 Kd8 19.Bg4 Bc8 20.Nd6 Kc7 21.f4 h6 22.Nge4 Nd7
23.Qf2 Rf8 24.Qg3 Bb7 25.Rf3 g5 26.fxg5 hxg5 27.Rf6 Nf4 28.Qe3 Nd5 29.Qg3 Nf4
30.Rd1 Rxf6 31.exf6 Nxf6 32.Nxf6 Qxf6 33.Nxb7 Kxb7 34.Qe3 c5 35.Qxc5 Nd5
36.Bf3 Rf8 37.Qb6+ Kc8 38.Rxd5  1-0

[Event "Gausdal Int"]
[Site "Gausdal"]
[Date "1981.??.??"]
[Round "8"]
[White "Forintos, Gyozo V"]
[Black "Westerinen, Heikki MJ"]
[Result "1-0"]
[WhiteElo "2465"]
[BlackElo "2420"]

1.d4 d5 2.c4 c6 3.Nf3 Nf6 4.Nc3 e6 5.Qb3 Be7 6.Bf4 O-O 7.e3 Nbd7 8.h3 a6
9.cxd5 Nxd5 10.Bg3 Nxc3 11.bxc3 c5 12.a4 cxd4 13.exd4 Qb6 14.Qc2 Bd6 15.Rb1 Qc7
16.Bxd6 Qxd6 17.Bd3 h6 18.O-O e5 19.Rfd1 exd4 20.cxd4 Rb8 21.Qe2 Nf6 22.Qe5 Qxe5
23.dxe5 Nd7 24.Rbc1 b6 25.Bxa6 Nxe5 26.Nxe5 Bxa6 27.Nd7 Rb7 28.Nxf8 Kxf8  1-0

[Event "URS-FL49"]
[Site "Volgodonsk"]
[Date "1981.??.??"]
[Round "11"]
[White "Kharitonov, Andrei Y"]
[Black "Timoshchenko, Gennadi A"]
[Result "1/2-1/2"]
[WhiteElo "2460"]
[BlackElo "2505"]

1.d4 d5 2.Nf3 Nf6 3.c4 c6 4.Qb3 e6 5.Nc3 Be7 6.Bg5 O-O 7.e3 Nbd7 8.Rd1 a6
9.cxd5 cxd5 10.a4 Nb8 11.Bd3 Nc6 12.O-O Bd7 13.Ne5 Nxe5 14.dxe5 Ng4 15.Bf4 Qb8
16.Nxd5 exd5 17.e6 Bd6 18.exd7 Bxf4 19.exf4 Qxf4 20.g3 Qh6 21.h4 Qe6 22.Qxb7 Nf6
23.Rfe1 Qxd7 24.Qxd7 Nxd7 25.Bf1 Nf6 26.b4 Ra7 27.Rd4 h5 28.Rc1 Rb8 29.a5 Kf8
30.f3 Rab7 31.Bxa6 Rxb4 32.Rxb4 Rxb4 33.Ra1 Ne8 34.Be2 Rb7 35.a6 Ra7 36.Kf2 Ke7
37.Ke3 Kd6 38.Kf4 Nc7 39.Kg5 g6 40.Rb1 Ne6+ 41.Kf6 Nd4 42.Rb7 Ra8 43.Bf1 Nxf3
44.Kxf7 g5 45.Rb4 gxh4 46.gxh4 Kc5 47.Ra4 d4 48.Ra5+ Kd6 49.Rxh5 Ne5+ 50.Kg7 Ra7+
51.Kh6 d3 52.Rf5 Ke6 53.Rxe5+  1/2-1/2

[Event "Baile Herculane zt"]
[Site "Baile Herculane"]
[Date "1982.??.??"]
[Round "9"]
[White "Suba, Mihai"]
[Black "Inkiov, Ventzislav"]
[Result "1/2-1/2"]
[WhiteElo "2500"]
[BlackElo "2495"]

1.c4 Nf6 2.Nf3 e6 3.Nc3 d5 4.d4 c6 5.Qb3 Nbd7 6.g3 Be7 7.Bg2 Qb6 8.O-O O-O
9.Rd1 Qa6 10.cxd5 exd5 11.Bf4 Qb6 12.Qc2 Re8 13.a3 a5 14.Rab1 Nf8 15.b4 axb4
16.axb4 g6 17.Rb3 Bf5 18.Qb2 Ne4 19.Nxe4 Bxe4 20.b5 c5 21.dxc5 Bxc5 22.e3 Ne6
23.Bh6 Be7 24.Ne5 Rad8 25.f3 Bf6 26.fxe4 Nc5 27.Rb4 Bxe5 28.Qa2 dxe4 29.Rf1 Qe6
30.Qxe6 Rxe6 31.Rc4 b6 32.Bxe4 Bxg3 33.Bb1 Be5 34.Rc2 Bg7 35.Bg5 f6 36.Ba2 fxg5
37.Rxc5 bxc5 38.Bxe6+ Kh8 39.b6 Rb8 40.Rb1 Be5 41.b7 Re8 42.Rb6 Kg7 43.Rc6 Bb8
44.Bd5 Rxe3 45.Rc8 Bf4 46.b8=Q Bxb8 47.Rxb8 Rd3  1/2-1/2

[Event "Brighton"]
[Site "Brighton"]
[Date "1982.??.??"]
[Round "?"]
[White "Gurevich, Dmitry"]
[Black "Sigurjonsson, Gudmundur"]
[Result "1/2-1/2"]
[WhiteElo "2470"]
[BlackElo "2435"]

1.d4 d5 2.c4 e6 3.Nc3 c6 4.Nf3 Nf6 5.Qb3 Be7 6.g3 dxc4 7.Qxc4 b5 8.Qb3 O-O
9.Bg2 b4 10.Na4 Nbd7 11.O-O Ba6 12.Qc2 Qa5 13.b3 Rac8 14.a3 Qb5 15.Ra2 c5
16.Qb2 c4 17.bxc4 Rxc4 18.axb4 Rxb4 19.Qa3 Nd5 20.Nc3 Nxc3 21.Qxc3 Ra4 22.Rb2 Qc4
23.Qxc4 Bxc4 24.Bf4 Rd8 25.Rfb1 a5 26.Kf1 Bd5 27.Ne5 Bxg2+ 28.Kxg2 Nxe5 29.Bxe5 f6
30.Rb7 Kf7 31.Bc7 Rd7 32.d5 exd5 33.Bf4 Rxb7 34.Rxb7 Ke6 35.Rb6+ Kd7  1/2-1/2

[Event "Elekes mem-B"]
[Site "Budapest"]
[Date "1982.??.??"]
[Round "?"]
[White "Horvath, Gyula"]
[Black "Navarovszky, Laszlo"]
[Result "1/2-1/2"]
[WhiteElo "2385"]
[BlackElo "2360"]

1.Nf3 Nf6 2.c4 c6 3.d4 d5 4.Nc3 e6 5.Qb3 Nbd7 6.Bg5 Be7 7.e3 O-O 8.O-O-O a6
9.h3 dxc4 10.Qxc4 b5 11.Qd3 c5 12.dxc5 Nxc5  1/2-1/2

[Event "Gausdal Jubilee"]
[Site "Gausdal"]
[Date "1982.??.??"]
[Round "3"]
[White "Schussler, Harry"]
[Black "Sigurjonsson, Gudmundur"]
[Result "1/2-1/2"]
[WhiteElo "2485"]
[BlackElo "2435"]

1.d4 Nf6 2.c4 e6 3.Nf3 d5 4.Nc3 c6 5.Qb3 dxc4 6.Qxc4 b5 7.Qd3 Be7 8.g3 Ba6
9.Ne4 Nbd7 10.Bg2 Nxe4 11.Qxe4 Rc8 12.O-O O-O 13.Rd1 b4 14.Bf4 Qa5 15.Ne5 Nxe5
16.Bxe5 Rfd8 17.b3 Bf8 18.Qg4 Qb5  1/2-1/2

[Event "Bundesliga 8182"]
[Site "Germany"]
[Date "1982.??.??"]
[Round "?"]
[White "Borik, Otto"]
[Black "Fries Nielsen, Jens Ove"]
[Result "1-0"]
[WhiteElo "2410"]
[BlackElo "2350"]

1.d4 d5 2.c4 e6 3.Nc3 c6 4.Nf3 Nf6 5.Qb3 Nbd7 6.Bg5 Be7 7.e3 O-O 8.Rd1 a6
9.Bd3 b5 10.cxd5 cxd5 11.O-O Bb7 12.a4 b4 13.Ne2 Rc8 14.Rc1 Qa5 15.Ne5 Nb6
16.Bc2 Bd8 17.Nf4 Ne4 18.Bxd8 Rcxd8 19.Qd3 g5 20.Nh5 f6 21.Ng4 f5 22.Ne5 Rc8
23.f3 Nd6 24.b3 Rc3 25.Qd2 Nf7 26.Nxf7 Rxf7 27.e4 f4 28.e5 Nd7 29.h4 Qd8
30.hxg5 Qxg5 31.g4 Kh8 32.Bd3 Nxe5 33.dxe5 Qxe5 34.Rxc3 bxc3 35.Qe2 Qxe2
36.Bxe2 e5 37.Bd1 a5 38.Bc2 h6 39.Re1 e4 40.Kf2 e3+ 41.Ke2 Ba6+ 42.Bd3 Bc8
43.Rd1 d4 44.Be4 Ba6+ 45.Ke1 Rc7 46.Rxd4 Kg8 47.Bc2  1-0

[Event "Phillips&Drew"]
[Site "London"]
[Date "1982.??.??"]
[Round "?"]
[White "Portisch, Lajos"]
[Black "Ljubojevic, Ljubomir"]
[Result "1/2-1/2"]
[WhiteElo "2630"]
[BlackElo "2645"]

1.d4 Nf6 2.c4 e6 3.Nf3 d5 4.Nc3 c6 5.Qb3 Bd6 6.Bg5 Nbd7 7.e4 dxe4 8.Nxe4 Be7
9.Nc3 O-O 10.Be2 c5 11.dxc5 Nxc5 12.Qc2 b6 13.Rd1 Qc7 14.Nb5 Qb8 15.Bxf6 Bxf6
16.b4 Nb7 17.O-O a6  1/2-1/2

[Event "Luzern ol (Men)"]
[Site "Luzern"]
[Date "1982.??.??"]
[Round "3"]
[White "Christiansen, Larry Mark"]
[Black "Jussupow, Artur"]
[Result "1/2-1/2"]
[WhiteElo "2505"]
[BlackElo "2555"]

1.d4 d5 2.c4 c6 3.Nf3 Nf6 4.Nc3 e6 5.Qb3 Be7 6.Bg5 dxc4 7.Qxc4 O-O 8.g3 b5
9.Qb3 Nbd7 10.Bg2 b4 11.Na4 Ba6 12.Bxf6 Bxf6 13.Rc1 Qa5 14.Nc5 Nxc5 15.Rxc5 Qb6
16.Qc2 Rac8 17.Ne5 Rfd8 18.O-O Bxe5 19.dxe5 Bxe2 20.Rc1 Ba6 21.h4 h6 22.a4 bxa3
23.bxa3 Bd3 24.Qc3 Bf5 25.Qa5 Qb2 26.Qc3 Qb6 27.Qa5  1/2-1/2

[Event "Manila"]
[Site "Manila"]
[Date "1982.??.??"]
[Round "?"]
[White "Torre, Eugenio"]
[Black "Sveshnikov, Evgeny"]
[Result "1/2-1/2"]
[WhiteElo "2535"]
[BlackElo "2495"]

1.d4 d5 2.Nf3 Nf6 3.c4 e6 4.Nc3 c6 5.Qb3 dxc4 6.Qxc4 b5 7.Qd3 Nbd7 8.a3 a5
9.Qc2 Bb7 10.Bg5 Rc8 11.e3 Be7 12.Bd3 b4 13.axb4 axb4 14.Na4 c5 15.Bxf6 gxf6
16.dxc5 Nxc5 17.Nxc5 Rxc5 18.Qe2 Bxf3  1/2-1/2

[Event "Moscow-ch"]
[Site "Moscow"]
[Date "1982.??.??"]
[Round "4"]
[White "Savon, Vladimir A"]
[Black "Smagin, Sergey"]
[Result "1/2-1/2"]
[WhiteElo "2485"]
[BlackElo "2270"]

1.d4 Nf6 2.c4 e6 3.Nf3 d5 4.Nc3 c6 5.Qb3 Nbd7 6.cxd5 exd5 7.Bf4 Be7 8.e3 Nh5
9.Bg3 Nxg3 10.hxg3 Nf6 11.Bd3 h6 12.Qc2 Bd6 13.O-O-O Bd7 14.Kb1 Qe7 15.e4 dxe4
16.Nxe4 Nxe4 17.Bxe4 O-O 18.Ne5 Bxe5 19.dxe5 Rfd8 20.Qc3 Be6 21.f4 Bg4 22.Bf3 Qe6
23.a3 Qg6+ 24.Ka1  1/2-1/2

[Event "Yerevan zt"]
[Site "Yerevan"]
[Date "1982.??.??"]
[Round "10"]
[White "Romanishin, Oleg M"]
[Black "Sveshnikov, Evgeny"]
[Result "1/2-1/2"]
[WhiteElo "2580"]
[BlackElo "2525"]

1.c4 e6 2.Nc3 d5 3.d4 c6 4.Nf3 Nf6 5.Qb3 dxc4 6.Qxc4 b5 7.Qb3 a6 8.Bg5 c5
9.dxc5 Bxc5 10.e3 Nbd7 11.Bd3 h6 12.Bh4 Bb7 13.O-O Be7 14.Rad1 Nd5 15.Ne4 Qb6
16.Bxe7 Kxe7 17.Bb1 Rac8 18.Ng3 Nc5 19.Qc2 Nf6 20.Nd4 h5 21.Nh1 Bd5 22.f3 g6
23.Qf2 e5 24.Ne2 Bc4 25.Rfe1 Rhd8 26.Nc1 b4 27.Rxd8 Rxd8 28.Qh4 Be6 29.Nf2 a5
30.b3 Rd2 31.Bd3 Qd6 32.Bf1 Bf5 33.h3 Kf8 34.g4 Bb1 35.e4 Kg7 36.Qg5 Ne6
37.Qe3 Qd4 38.Bd3 Qxe3 39.Rxe3 Bxa2 40.Kf1 Nc5 41.Ke1 Rb2 42.Nd1 Rh2 43.Be2 Bb1
44.Nf2 hxg4 45.hxg4 Nfd7 46.Bd1 f5 47.exf5 gxf5 48.Re2 fxg4 49.Nxg4 Rxe2+
50.Bxe2 Bf5 51.Ne3 Kf6 52.Nc4 Nb7 53.Kd2 Be6 54.Ke3 Bxc4 55.Bxc4 Nd6 56.Bg8 Nc5
57.Bd5 Nf5+ 58.Kf2 Ke7 59.Bc4 Kd6 60.Ke2 Ne6 61.Kf2 Nf4 62.Nd3 Nxd3+ 63.Bxd3 Nd4
64.Bc4 Kc5 65.Bg8 Nc2 66.Ke2 Kd4 67.Kd2 Ne3 68.Bf7 Nd5 69.Bg6 Nf4 70.Bf5 Nh5
71.Bg6 Ng3 72.Bd3 Nh5 73.Bg6 Ng7 74.Bf7 Nf5 75.Be8 Nd6 76.Bg6 Nb7 77.Be4 Nc5
78.Bc2 Ne6 79.Bg6 Nd8 80.Be4 Nf7 81.Bf5 Nd6 82.Bg6 Nb7 83.Be4 Nc5 84.Bc2 a4
85.bxa4 b3 86.Bg6 Kc4 87.Bf7+ Kb4 88.Bxb3 Kxb3 89.Ke3  1/2-1/2

[Event "Bayamo"]
[Site "Bayamo"]
[Date "1983.??.??"]
[Round "?"]
[White "Garcia Gonzales, Guillermo"]
[Black "Frey, Kenneth"]
[Result "1-0"]
[WhiteElo "2515"]
[BlackElo "2380"]

1.d4 d5 2.c4 c6 3.Nf3 Nf6 4.Nc3 e6 5.Qb3 Nbd7 6.Bf4 Be7 7.e3 O-O 8.Be2 dxc4
9.Qxc4 Nd5 10.Bg3 N7b6 11.Qb3 Nxc3 12.bxc3 c5 13.O-O Bd7 14.a4 cxd4 15.Nxd4 Nd5
16.a5 Rc8 17.c4 Nb4 18.Bf3 Bc6 19.Nxc6 bxc6 20.Rfd1 Qe8 21.c5 Bxc5 22.Ra4 Nd5
23.Rc4 Qe7 24.e4 Nf6 25.Qc3 Rfd8 26.Rc1 Nd7 27.Rxc5 Qxc5 28.Qxc5 Nxc5 29.Rxc5 Rd4
30.h3 Rb4 31.Bd6 Rb1+ 32.Kh2 Rb5 33.e5 f6 34.Be2 Rxc5 35.Bxc5 Rc7 36.f4 f5
37.Ba6 Kf7 38.Bd6 Rd7 39.Kg3 Rd8 40.Bb7  1-0

[Event "Bratislava"]
[Site "Bratislava"]
[Date "1983.??.??"]
[Round "6"]
[White "Portisch, Ferenc"]
[Black "Vera, Reynaldo"]
[Result "0-1"]
[WhiteElo "2435"]
[BlackElo "2450"]

1.d4 d5 2.c4 e6 3.Nc3 c6 4.Nf3 Nf6 5.Qb3 Ne4 6.e3 f5 7.Bd3 Nd7 8.O-O Bd6
9.Bd2 Qf6 10.Rad1 Qh6 11.g3 Ndf6 12.Kg2 O-O 13.Ne2 b6 14.Nfg1 Nxd2 15.Rxd2 Rf7
16.Rdd1 Bb7 17.Nc3 c5 18.Nf3 cxd4 19.exd4 g5 20.cxd5 Nxd5 21.Nxd5 g4 22.Bc4 gxf3+
23.Qxf3 Rd8 24.Kg1 Bf8 25.Ne7+ Rxe7 26.Qxf5 Qg6 27.Qf4 Qe4 28.Qg5+ Qg6 29.Qh4 Qe4
30.Qg5+ Kh8 31.f3 Qg6 32.Qh4 Bd5 33.Bxd5 Rxd5 34.Rfe1 Red7 35.Qf4 Bd6 36.Qe3 e5
37.Kg2 Bf8 38.Re2 exd4 39.Qf4 Rd8 40.Qc7 R5d7  0-1

[Event "Poutiainen mem"]
[Site "Helsinki"]
[Date "1983.??.??"]
[Round "?"]
[White "Schussler, Harry"]
[Black "Pirttimaki, Timo"]
[Result "1-0"]
[WhiteElo "2485"]
[BlackElo "2380"]

1.d4 Nf6 2.c4 c6 3.Nf3 d5 4.Qb3 e6 5.Nc3 Nbd7 6.Bg5 Be7 7.e3 O-O 8.Bd3 Nh5
9.Bxe7 Qxe7 10.O-O Nhf6 11.e4 dxc4 12.Qxc4 e5 13.Bc2 c5 14.dxe5 Nxe5 15.Nxe5 Qxe5
16.f4 Qh5 17.Qd3 c4 18.Qg3 Qg4 19.Qf2 Qe6 20.h3 Rd8 21.e5 Nh5 22.g4 g6 23.gxh5 Qxh3
24.hxg6 hxg6 25.Qg2 Qe3+ 26.Qf2 Qh3 27.Ne4 Bf5 28.Qf3 Qh4 29.Rf2 Bxe4 30.Qxe4  1-0

[Event "Nordic-tt"]
[Site "Oslo"]
[Date "1983.??.??"]
[Round "?"]
[White "Schussler, Harry"]
[Black "Agdestein, Simen"]
[Result "1/2-1/2"]
[WhiteElo "2485"]
[BlackElo "2400"]

1.d4 Nf6 2.Nf3 d5 3.c4 c6 4.Qb3 e6 5.Nc3 Be7 6.Bg5 O-O 7.e3 Nbd7 8.Bd3 a6
9.cxd5 exd5 10.Qc2 Re8 11.O-O Nf8 12.a3 Ne4 13.Bxe7 Qxe7 14.Bxe4 dxe4 15.Nd2 f5
16.d5 Ng6 17.dxc6 bxc6 18.Ne2 Be6 19.Qxc6 Rec8 20.Qa4 Bd7 21.Qb3+ Be6 22.Qd1 Ne5
23.Nd4 Nd3 24.b4 a5 25.b5 a4 26.f3 exf3 27.N2xf3 Bc4 28.Qd2 g6 29.Rfb1 Re8
30.b6 Qe4 31.Ng5 Qd5 32.Ngf3 Rab8 33.Kh1 Rb7 34.Nc2 Qc5 35.Qc3 Bb3 36.Qxd3 Bxc2
37.Qb5 Qxb5 38.Rxb5 Rxe3 39.Rb4 Rb3 40.Rxa4 R3xb6 41.Ra8+ Kg7 42.Rc8 Rb1+
43.Rxb1 Rxb1+ 44.Ng1 Be4 45.Rc7+ Kh6 46.Rc3 g5 47.Re3 g4 48.h3 Rb2 49.Ne2 g3
50.h4 Bd5 51.Nxg3 f4 52.Nf5+ Kh5 53.Re7 Bxg2+ 54.Kg1 Bh3 55.Nd4 Kxh4 56.Rxh7+ Kg3
57.Rg7+ Bg4 58.Nf5+ Kf3 59.Nh4+ Kg3 60.Nf5+ Kf3 61.Nh4+ Kg3 62.Nf5+  1/2-1/2

[Event "BUL-ch"]
[Site "Pernik"]
[Date "1983.??.??"]
[Round "7"]
[White "Spassov, Liuben"]
[Black "Inkiov, Ventzislav"]
[Result "1/2-1/2"]
[WhiteElo "2475"]
[BlackElo "2500"]

1.d4 Nf6 2.c4 e6 3.Nf3 d5 4.Nc3 c6 5.Qb3 dxc4 6.Qxc4 b5 7.Qd3 Ba6 8.Qc2 Qa5
9.Nd2 b4 10.Nb3 Qc7 11.Na4 Bb5 12.Nac5 Nbd7 13.Bg5 Nxc5 14.Nxc5 Nd7 15.e4 Bxf1
16.Kxf1 Nxc5 17.dxc5 Qa5 18.Be3 b3 19.Qxb3 Bxc5 20.Bxc5 Qxc5 21.g3 O-O 22.Kg2 Rab8
23.Qc3  1/2-1/2

[Event "EU-chT Plovdiv"]
[Site "Plovdiv"]
[Date "1983.??.??"]
[Round "5"]
[White "Karpov, Anatoly"]
[Black "Ljubojevic, Ljubomir"]
[Result "1/2-1/2"]
[WhiteElo "2710"]
[BlackElo "2645"]

1.d4 Nf6 2.c4 e6 3.Nf3 d5 4.Nc3 c6 5.Qb3 Nbd7 6.cxd5 exd5 7.Bf4 Nh5 8.Bg3 Be7
9.e3 O-O 10.Bd3 g6 11.O-O Nxg3 12.hxg3 Qb6 13.Qc2 Nf6  1/2-1/2

[Event "SWE-ch"]
[Site "?"]
[Date "1983.??.??"]
[Round "?"]
[White "Schussler, Harry"]
[Black "Josefsson, K."]
[Result "1-0"]
[WhiteElo "2485"]
[BlackElo "2200"]

1.d4 Nf6 2.Nf3 d5 3.c4 c6 4.Qb3 e6 5.Nc3 Nbd7 6.Bg5 Be7 7.e3 O-O 8.Bd3 dxc4
9.Qxc4 Qb6 10.Rb1 Qb4 11.Qxb4 Bxb4 12.O-O Nd5 13.Rfc1 f5 14.Nxd5 exd5 15.Bf4 a5
16.Be2 Nf6 17.Ne5 Ne4 18.Nd3 g5 19.Be5 Bd2 20.Rc2 a4 21.Rd1 Ba5 22.f3 Nf6
23.Rb1 Nd7 24.Bd6 Re8 25.Kf2 Bb6 26.g3 g4 27.b3 Bd8 28.b4 Nf6 29.Be5 gxf3
30.Bxf6 fxe2 31.Bxd8 e1=Q+ 32.Kxe1 Rxd8 33.Rf2 Re8 34.Kd2 Bd7 35.Nc5 Bc8
36.b5 b6 37.Nd3 cxb5 38.Rxb5 Ra6 39.Nb4 Ra5 40.Rxb6 Be6 41.Rf1 Kf7 42.g4 Bd7
43.Rb7 Re7 44.Nd3 Rb5 45.Rxb5 Bxb5 46.Rxf5+ Kg7 47.Rg5+ Kf6 48.Rxd5 Bc4 49.Ra5 Bxa2
50.Rxa4 Be6 51.Nf4 Bf7 52.h4 Rb7 53.Ra6+ Kg7 54.Ne6+ Kh8 55.Nd8 Rb2+ 56.Kc1 Rf2
57.Nxf7+ Rxf7 58.Kd2  1-0